|
|
|
|
| LEADER |
01423nam a2200313 a 4500 |
| 001 |
1377099 |
| 003 |
BD-DhAAL |
| 005 |
20231018130242.0 |
| 008 |
090901s1981 enka b 001 0 eng d |
| 010 |
|
|
|a \\\81149794
|
| 020 |
|
|
|a 0566003236
|
| 020 |
|
|
|a 0566004291 (pbk.)
|
| 040 |
|
|
|a DLC
|c DLC
|d DLC
|d BD-DhAAL
|
| 082 |
0 |
0 |
|a 370.78
|2 19
|
| 100 |
1 |
|
|a Verma, Gajendra K.
|9 35916
|
| 245 |
1 |
0 |
|a What is educational research? :
|b perspectives on techniques of research /
|c Gajendra K. Verma, Ruth M. Beard.
|
| 260 |
|
|
|a Aldershot :
|b Gower,
|c c1981.
|
| 300 |
|
|
|a ix, 209 pages :
|b illustrations ;
|c 22 cm.
|
| 504 |
|
|
|a Includes bibliographical references (pages 192-202) and index.
|
| 526 |
|
|
|a BIED
|
| 541 |
1 |
|
|a Complimentary copy from BIED
|e 7381, 36150
|
| 650 |
|
0 |
|a Education
|x Research.
|9 35917
|
| 650 |
|
0 |
|a Education
|x Research
|x Methodology.
|9 35918
|
| 700 |
1 |
|
|a Beard, Ruth Mary.
|9 35919
|
| 852 |
4 |
|
|a Ayesha Abed Library
|j General Stacks
|
| 942 |
|
|
|2 ddc
|c BK
|
| 999 |
|
|
|c 3433
|d 3433
|
| 952 |
|
|
|0 0
|1 0
|2 ddc
|4 1
|6 370_000000000000000__7_8_VER
|7 0
|8 NFIC
|9 3117
|a BRACUL
|b BRACUL
|c SPS
|d 2009-09-01
|g 0.00
|l 0
|o 370.78 VER
|p 3010007381
|r 2013-10-03
|t 1
|w 2009-09-01
|y BK
|x No price found in the accession register.
|
| 952 |
|
|
|0 0
|1 0
|2 ddc
|4 0
|6 370_780000000000000_VER
|7 0
|8 NFIC
|9 66692
|a BRACUL
|b BRACUL
|c GEN
|d 2019-10-14
|e Complimentary copy from BIED
|l 0
|o 370.78 VER
|p 3010036150
|r 2019-10-14
|t 2
|w 2019-10-14
|y BK
|x Transferred from BIED to General Stacks
|